La iniciación musical del niño
Uloženo v:
| Hlavní autor: | |
|---|---|
| Médium: | Kniha |
| Jazyk: | španělština |
| Vydáno: |
Buenos Aires
Ricordi Americana
1964
|
| Témata: | |
| On-line přístup: | Disponible Online - Cap VI y X |
| Tagy: |
Přidat tag
Žádné tagy, Buďte první, kdo vytvoří štítek k tomuto záznamu!
|
MARC
| LEADER | 00000nam a2200000 a 4500 | ||
|---|---|---|---|
| 001 | UCN1168 | ||
| 003 | CL-VaPUC | ||
| 005 | 20210826074554.0 | ||
| 008 | 010420e19640000AG |||||||||||||||||spa|d | ||
| 999 | |c 294745 |d 294743 | ||
| 040 | |c Pontificia Universidad Católica de Valparaíso | ||
| 082 | 0 | 4 | |a 372.87 HEM 1964 |2 21 |
| 100 | |a Gainza, Violeta Hemsy de |e author |9 568759 | ||
| 245 | 1 | 3 | |a La iniciación musical del niño |
| 260 | |a Buenos Aires |b Ricordi Americana |c 1964 | ||
| 300 | |a 244 páginas | ||
| 583 | |a last modification |c 20010420 00:00:00 |k Rodrigo Vera | ||
| 650 | 0 | |a Enseñanza de la música |9 339802 | |
| 650 | 0 | |a Música infantil |2 CL-VaPUC |9 309324 | |
| 650 | 0 | |a Canciones infantiles |9 307627 | |
| 650 | 0 | |a Música estudio e instrucción |9 306355 | |
| 856 | |u http://bibliografiadigital.pucv.cl.pucv.idm.oclc.org/index.php/bibliotecapucv/catalog/book/688 |y Disponible Online - Cap VI y X | ||
| 942 | |c BK |2 ddc | ||
| 945 | |d 20010420 00:00:00 |a crobeson | ||
| 952 | |0 0 |1 0 |4 0 |6 372_870000000000000_HEM_1964 |7 0 |8 A |9 347456 |a BIBEDU |b BIBEDU |d 2019-11-20 |i 1248820 |l 4 |o 372.87 HEM 1964 |p 1248820 |r 2023-03-24 |s 2023-03-14 |w 2019-11-20 |y BK |k MUS | ||